000 00712nam a2200241Ia 4500
003 OSt
005 20220928123955.0
006 a|||||r|||| 00| 0
007 ta
008 220927b |||||||| |||| 00| 0 eng d
024 _a82261
037 _cTextual
040 _aSDCL
_cSDCL
_beng
041 _2eng
_aeng
082 _aX:89K31.2'P, P7
100 _aVasudeva Rao B S
_9462854
245 0 _aRural development strategies and role of institutions
_bIssues innovations and initiatives
260 _aAmbala
_bAssociated Pub
_c2007
300 _axv,314p
_ccm.
650 _aRural Management
_9432525
942 _hX:89K31.2'P, P7
_cTEXL
_2CC
999 _c775824
_d775824